00678nam a22002051 450000100060000000300080000600500170001400800390003103500190007004000360008904100080012508200190013310000620015224501010021426000370031530000370035250000200038950400310040965000320044010954BD-RjUL20211208235038.0140125s1966 nyua b 001 0 eng a(BD-RjUL)11003 aDLC/ICUcICUdDLCdBD-RjULbeng aeng00a551.57701bMIH1 aMiddleton, W. E. Knowlesq(William Edgar Knowles),d1902-12aA history of the theories of rain and other forms of precipitationc[by] W.E. Knowles Middleton. aNew York :bF. Watts ,c c1965. aviii, 223 p. :billus. ;c25 cm. aIncludes index. aBibliographical footnotes. 0aPrecipitation (Meteorology)